000 00674nam a22002297a 4500
005 20220926164011.0
008 220926b |||||||| |||| 00| 0 eng d
020 _a9781846829765
040 _aLoreto College
041 _aEnglish
082 _a370.9415
_bRAF
100 _aRaftery,Deirdre
245 _aTeresa Ball and Loreto education
_bConvents and the colonial world 1794-1875
_cDeirdre Raftery
260 _aDublin
_bFour Courts Press
_c2022
300 _a211p
_b22cm
504 _aIncludes bibliographical references and index
600 _aBall,Teresa
650 _aBall,Teresa - Education
650 _aEducation
_zIreland
850 _aLCLIB
942 _cBK
999 _c43057
_d93536